Sommerfugle /

Bibliographic Details
Main Author: Klöcker, A.
Other Authors: Deurs, Wilhelm van
Format: Book
Language:Danish
Published: København : Gad, 1908-1956.
Series:Danmarks fauna ; 7.
Danmarks fauna ; 13.
Danmarks fauna ; 17.
Danmarks fauna ; 21.
Danmarks fauna ; 48.
Danmarks fauna ; 52.
Danmarks fauna ; 61.
Subjects:

MARC

Tag First Indicator Second Indicator Subfields
LEADER 00000cam a2200000M 4500
001 in00002139389
005 20151103152857.0
008 781005m19081956dk a 000 0 dan d
035 |a (OCoLC)ocn364746926 
035 |a (OCoLC)ocm364746926 
035 |a (OCoLC)364746926 
040 |a ZAS  |c ZAS  |d OCLCF  |d TXA  |d UtOrBLW 
049 |a TXAM 
050 4 |a QL555.D4  |b K56 
100 1 |a Klöcker, A. 
245 1 0 |a Sommerfugle /  |c A. Klöcker. 
264 1 |a København :  |b Gad,  |c 1908-1956. 
300 |a 8 volumes :  |b illustrations ;  |c 19 cm. 
336 |a text  |b txt  |2 rdacontent 
337 |a unmediated  |b n  |2 rdamedia 
338 |a volume  |b nc  |2 rdacarrier 
490 1 |a Danmarks fauna,  |v 4, 7, 13, 17, 21, 48, 52, 61 
505 1 |a 1. Dagsommerfugle.--2.-5. Natsommerfugle.--6. Pyralider.--7. Fjermøl.--8. Viklere. 
500 |a Volumes 6-8 by Wilhelm Van Deurs. 
650 0 |a Butterflies  |z Denmark. 
650 0 |a Lepidoptera  |z Denmark. 
650 7 |a Butterflies.  |2 fast  |0 (OCoLC)fst00843103 
651 7 |a Denmark.  |2 fast  |0 (OCoLC)fst01204558 
700 1 |a Deurs, Wilhelm van. 
740 0 2 |a Dagsommerfugle. 
740 0 2 |a Natsommerfugle. 
830 0 |a Danmarks fauna ;  |v 7. 
830 0 |a Danmarks fauna ;  |v 13. 
830 0 |a Danmarks fauna ;  |v 17. 
830 0 |a Danmarks fauna ;  |v 21. 
830 0 |a Danmarks fauna ;  |v 48. 
830 0 |a Danmarks fauna ;  |v 52. 
830 0 |a Danmarks fauna ;  |v 61. 
994 |a C0  |b TXA 
999 |a MARS 
999 f f |s bc9a8f98-43b1-3d99-91c6-417007bd22dd  |i 3c45532d-322c-3074-9a97-f7d8a268fe83  |t 0 
952 f f |p ric  |a Texas A&M University  |b Rellis Campus  |c Joint Library Facility  |d Remote Storage  |t 0  |e QL555.D4 K56  |h Library of Congress classification  |i unmediated -- volume  |k no.7  |m A14842477870 
952 f f |p ric  |a Texas A&M University  |b Rellis Campus  |c Joint Library Facility  |d Remote Storage  |t 0  |e QL555.D4 K56  |h Library of Congress classification  |i unmediated -- volume  |k no.3  |m A14842477839 
952 f f |p ric  |a Texas A&M University  |b Rellis Campus  |c Joint Library Facility  |d Remote Storage  |t 0  |e QL555.D4 K56  |h Library of Congress classification  |i unmediated -- volume  |k no.2  |m A14842477821 
952 f f |p ric  |a Texas A&M University  |b Rellis Campus  |c Joint Library Facility  |d Remote Storage  |t 0  |e QL555.D4 K56  |h Library of Congress classification  |i unmediated -- volume  |k no.5  |m A14842477854 
952 f f |p ric  |a Texas A&M University  |b Rellis Campus  |c Joint Library Facility  |d Remote Storage  |t 0  |e QL555.D4 K56  |h Library of Congress classification  |i unmediated -- volume  |k no.6  |m A14842477862 
952 f f |p ric  |a Texas A&M University  |b Rellis Campus  |c Joint Library Facility  |d Remote Storage  |t 0  |e QL555.D4 K56  |h Library of Congress classification  |i unmediated -- volume  |k no.8  |m A14842477888 
952 f f |p ric  |a Texas A&M University  |b Rellis Campus  |c Joint Library Facility  |d Remote Storage  |t 0  |e QL555.D4 K56  |h Library of Congress classification  |i unmediated -- volume  |k no.4  |m A14842477847 
998 f f |a QL555.D4 K56  |s no.2-8  |t 0  |l Remote Storage 
998 f f |a QL555.D4 K56  |s no.2-8  |t 0  |l Remote Storage